[Event "Maringa op"]
[Site "Maringa"]
[Date "2011.06.30"]
[Round "1"]
[White "Silva, Luis Fernando Alves"]
[Black "Cubas, Jose Fernando"]
[Result "0-1"]
[WhiteElo "1567"]
[BlackElo "2505"]
[PlyCount "50"]
[EventDate "2011.06.30"]
[EventType "swiss"]
[EventRounds "7"]
[EventCountry "BRA"]
[SourceTitle "EXT 2014"]
[Source "ChessBase"]
[SourceDate "2013.11.20"]
[SourceVersion "1"]
[SourceVersionDate "2013.11.20"]
[SourceQuality "1"]

1. d4 Nf6 2. Nf3 e6 3. e3 b6 4. Nbd2 Bb7 5. Bd3 Be7 6. O-O O-O 7. c4 c5 8. Qc2
d6 9. dxc5 dxc5 10. Ne4 Nbd7 11. b3 Qc7 12. Bb2 Qc6 13. Nfd2 Rad8 14. f3 Ne8
15. Qc3 f5 16. Ng3 Ne5 17. Be2 Bf6 18. Qc2 g6 19. Rad1 Ng4 20. Bxf6 Nxe3 21.
Qc3 Nxd1 22. Rxd1 Nxf6 23. Re1 Qd6 24. Ndf1 f4 25. Nh1 Qd4+ 0-1

[Event "Maringa op"]
[Site "Maringa"]
[Date "2011.07.01"]
[Round "2"]
[White "Cubas, Jose Fernando"]
[Black "Camargo, Mateus De"]
[Result "1-0"]
[WhiteElo "2505"]
[BlackElo "2072"]
[PlyCount "51"]
[EventDate "2011.06.30"]
[EventType "swiss"]
[EventRounds "7"]
[EventCountry "BRA"]
[SourceTitle "EXT 2014"]
[Source "ChessBase"]
[SourceDate "2013.11.20"]
[SourceVersion "1"]
[SourceVersionDate "2013.11.20"]
[SourceQuality "1"]

1. e4 c5 2. Nf3 d6 3. Bc4 Nf6 4. d3 e6 5. O-O Be7 6. a3 O-O 7. Ba2 Nc6 8. Re1
d5 9. Nbd2 Qc7 10. c3 dxe4 11. dxe4 Rd8 12. Qe2 Rb8 13. e5 Nd7 14. Nf1 b5 15.
h4 c4 16. b4 cxb3 17. Bxb3 Nc5 18. Bc2 Ba6 19. Ng5 g6 20. a4 Bxg5 21. Bxg5 Rd5
22. Ne3 Qxe5 23. f4 Qxc3 24. Nxd5 Qd4+ 25. Ne3 b4 26. Qf2 1-0

[Event "Maringa op"]
[Site "Maringa"]
[Date "2011.07.01"]
[Round "3"]
[White "Bandeira, Tarciano"]
[Black "Cubas, Jose Fernando"]
[Result "0-1"]
[WhiteElo "2166"]
[BlackElo "2505"]
[PlyCount "37"]
[EventDate "2011.06.30"]
[EventType "swiss"]
[EventRounds "7"]
[EventCountry "BRA"]
[SourceTitle "EXT 2014"]
[Source "ChessBase"]
[SourceDate "2013.11.20"]
[SourceVersion "1"]
[SourceVersionDate "2013.11.20"]
[SourceQuality "1"]

1. e4 c5 2. Nf3 Nc6 3. d4 cxd4 4. Nxd4 e5 5. Nf3 Nf6 6. Bd3 d5 7. exd5 Nxd5 8.
Bc4 Be6 9. Ng5 Ne3 10. Qxd8+ Rxd8 11. Bxe3 Bxc4 12. Nd2 Ba6 13. O-O-O h6 14.
Ngf3 f5 15. Nb3 Rxd1+ 16. Kxd1 Be7 17. Bc5 Bf6 18. Re1 b6 19. Be3 0-1

[Event "Maringa op"]
[Site "Maringa"]
[Date "2011.07.02"]
[Round "4"]
[White "Cubas, Jose Fernando"]
[Black "Menna Barreto, Felipe Kubiaki"]
[Result "1-0"]
[WhiteElo "2505"]
[BlackElo "2193"]
[PlyCount "51"]
[EventDate "2011.06.30"]
[EventType "swiss"]
[EventRounds "7"]
[EventCountry "BRA"]
[SourceTitle "EXT 2014"]
[Source "ChessBase"]
[SourceDate "2013.11.20"]
[SourceVersion "1"]
[SourceVersionDate "2013.11.20"]
[SourceQuality "1"]

1. e4 e6 2. d4 d5 3. e5 c5 4. c3 Qb6 5. Nf3 Bd7 6. Be2 Bb5 7. c4 Bxc4 8. Bxc4
dxc4 9. O-O Nc6 10. d5 exd5 11. Qxd5 Nge7 12. Qxc4 Qb4 13. Qe2 Nf5 14. Nc3
O-O-O 15. Bg5 Be7 16. Bxe7 Nfxe7 17. Ne4 Nf5 18. a3 Qb6 19. Rac1 Rd5 20. Qc4
Rhd8 21. Nd6+ R5xd6 22. exd6 Qxb2 23. Qxf7 Nxd6 24. Qe6+ Kb8 25. Rxc5 Qxa3 26.
Rd5 1-0

[Event "Maringa op"]
[Site "Maringa"]
[Date "2011.07.02"]
[Round "5"]
[White "Matsuura, Everaldo"]
[Black "Cubas, Jose Fernando"]
[Result "0-1"]
[WhiteElo "2480"]
[BlackElo "2505"]
[PlyCount "46"]
[EventDate "2011.06.30"]
[EventType "swiss"]
[EventRounds "7"]
[EventCountry "BRA"]
[SourceTitle "EXT 2014"]
[Source "ChessBase"]
[SourceDate "2013.11.20"]
[SourceVersion "1"]
[SourceVersionDate "2013.11.20"]
[SourceQuality "1"]

1. d4 d5 2. c4 e5 3. dxe5 d4 4. Nf3 Nc6 5. a3 Nge7 6. Nbd2 Be6 7. Nb3 Nf5 8. g4
Nh4 9. Nxh4 Qxh4 10. Bg2 O-O-O 11. Bxc6 bxc6 12. Na5 Qxg4 13. Qa4 d3 14. exd3
Bc5 15. Qxc6 Rxd3 16. Qa8+ Kd7 17. Qc6+ Kd8 18. Be3 Bxe3 19. fxe3 Rxe3+ 20. Kd2
Qd4+ 21. Kc1 Rc3+ 22. Kb1 Qd3+ 23. Ka2 Rxa3+ 0-1

[Event "Maringa op"]
[Site "Maringa"]
[Date "2011.07.03"]
[Round "6"]
[White "Cubas, Jose Fernando"]
[Black "Vescovi, Giovanni P"]
[Result "1-0"]
[WhiteElo "2505"]
[BlackElo "2634"]
[PlyCount "67"]
[EventDate "2011.06.30"]
[EventType "swiss"]
[EventRounds "7"]
[EventCountry "BRA"]
[SourceTitle "EXT 2014"]
[Source "ChessBase"]
[SourceDate "2013.11.20"]
[SourceVersion "1"]
[SourceVersionDate "2013.11.20"]
[SourceQuality "1"]

1. e4 c6 2. d4 d5 3. e5 Bf5 4. h4 h6 5. g4 Bd7 6. Nd2 c5 7. dxc5 Qa5 8. c3 Qxc5
9. Nb3 Qc7 10. Bf4 e6 11. Bd3 Nc6 12. Nf3 Nf6 13. Rg1 h5 14. g5 Ng4 15. Qe2 f6
16. gxf6 gxf6 17. Bg6+ Kd8 18. O-O-O Ngxe5 19. Kb1 Bd6 20. Nfd4 Nxg6 21. Bxd6
Qxd6 22. Rxg6 e5 23. Nb5 Qe6 24. Ka1 Ne7 25. Nc5 Qc6 26. Nxb7+ Qxb7 27. Nd6 Qb6
28. Rxf6 Nc6 29. Nf7+ Kc7 30. Nxh8 Rxh8 31. Rxd5 Rg8 32. Rd1 Rg7 33. Rxc6+ Kxc6
34. Qe4+ 1-0

[Event "Maringa op"]
[Site "Maringa"]
[Date "2011.07.03"]
[Round "7"]
[White "Fier, Alexandr"]
[Black "Cubas, Jose Fernando"]
[Result "0-1"]
[WhiteElo "2566"]
[BlackElo "2505"]
[PlyCount "80"]
[EventDate "2011.06.30"]
[EventType "swiss"]
[EventRounds "7"]
[EventCountry "BRA"]
[SourceTitle "EXT 2014"]
[Source "ChessBase"]
[SourceDate "2013.11.20"]
[SourceVersion "1"]
[SourceVersionDate "2013.11.20"]
[SourceQuality "1"]

1. d4 d5 2. c4 c6 3. Nf3 Nf6 4. e3 a6 5. Bd3 Bg4 6. Nbd2 Nbd7 7. Qc2 e6 8. b3
Bd6 9. Bb2 Qb8 10. O-O O-O 11. h3 Bh5 12. Ng5 h6 13. Nh7 Nxh7 14. Bxh7+ Kh8 15.
Bd3 Qd8 16. a4 Qh4 17. Ba3 Bxa3 18. Rxa3 e5 19. cxd5 cxd5 20. Qc7 Qe7 21. Ra2
e4 22. Bb1 Rac8 23. Qxb7 Qd6 24. Rc2 Rxc2 25. Bxc2 Rb8 26. Qa7 Qc6 27. Bxe4
dxe4 28. Nxe4 Ra8 29. d5 Qxd5 30. Qc7 Qxe4 31. Qxd7 a5 32. Rc1 Bg6 33. Qc7 Qb4
34. Rc3 Bf5 35. Rc4 Qe1+ 36. Kh2 Be6 37. Rf4 Rc8 38. Qb7 Qc3 39. b4 Qe5 40. Qe4
Qb8 0-1

[Event "Cuiaba op"]
[Site "Cuiaba"]
[Date "2011.10.21"]
[Round "2"]
[White "Batista, Gerson Peres"]
[Black "Cubas, Jose Fernando"]
[Result "0-1"]
[WhiteElo "2201"]
[BlackElo "2529"]
[PlyCount "70"]
[EventDate "2011.10.21"]
[EventType "swiss"]
[EventRounds "6"]
[EventCountry "BRA"]
[SourceTitle "EXT 2013"]
[Source "ChessBase"]
[SourceDate "2012.11.22"]
[SourceVersion "1"]
[SourceVersionDate "2012.11.22"]
[SourceQuality "1"]

1. e4 c5 2. c3 d6 3. d4 Nf6 4. Bd3 g6 5. Nf3 Bg7 6. O-O O-O 7. Re1 Bg4 8. Nbd2
Nc6 9. h3 Bxf3 10. Nxf3 Nd7 11. Be3 Rb8 12. Qe2 a6 13. Rad1 Qc7 14. Bb1 b5 15.
Rd2 Na5 16. b3 Nc6 17. Rc1 a5 18. e5 dxe5 19. dxc5 f5 20. Rcd1 Nf6 21. Bg5 e4
22. Bxf6 Bxf6 23. Nd4 Nxd4 24. cxd4 Rfd8 25. f3 exf3 26. Qxf3 e5 27. dxe5 Qxc5+
28. Kf1 Qxe5 29. Rd5 Qe6 30. Rxd8+ Rxd8 31. Rxd8+ Bxd8 32. Qe2 Qd6 33. Qe8+ Kg7
34. Ke2 Bg5 35. Bd3 Qd5 0-1

[Event "Cuiaba op"]
[Site "Cuiaba"]
[Date "2011.10.22"]
[Round "3"]
[White "Cubas, Jose Fernando"]
[Black "Molina, Roberto Junio Brito"]
[Result "1-0"]
[WhiteElo "2529"]
[BlackElo "2419"]
[PlyCount "91"]
[EventDate "2011.10.21"]
[EventType "swiss"]
[EventRounds "6"]
[EventCountry "BRA"]
[SourceTitle "EXT 2013"]
[Source "ChessBase"]
[SourceDate "2012.11.22"]
[SourceVersion "1"]
[SourceVersionDate "2012.11.22"]
[SourceQuality "1"]

1. e4 c5 2. Nf3 e6 3. d4 cxd4 4. Nxd4 Nc6 5. Nc3 Qc7 6. Be3 a6 7. Bd3 Nf6 8.
O-O Nxd4 9. Bxd4 Bc5 10. Bxc5 Qxc5 11. Na4 Qc7 12. c4 d6 13. Rc1 Bd7 14. Nc3
O-O 15. Qe2 Rac8 16. f4 Qc5+ 17. Kh1 Bc6 18. e5 dxe5 19. fxe5 Nd7 20. Rce1 Qe7
21. Rf4 g6 22. Rg4 Rcd8 23. Bc2 a5 24. Qe3 Kg7 25. Ne2 Kg8 26. Nf4 f5 27. Nxg6
hxg6 28. Rxg6+ Kh8 29. Qh3+ Qh7 30. Rh6 Rf7 31. Bd1 Rg8 32. Bf3 Rg6 33. Rh4 Kg8
34. Bxc6 Qg7 35. Bf3 Rg5 36. Rh6 Re7 37. Qh4 Nf8 38. Rd1 f4 39. Rh8+ Qxh8 40.
Qxg5+ Qg7 41. Qxf4 Rd7 42. Rxd7 Qxd7 43. h4 b6 44. h5 Qd3 45. Kh2 a4 46. Qg5+
1-0

[Event "Cuiaba op"]
[Site "Cuiaba"]
[Date "2011.10.22"]
[Round "4"]
[White "Cubas, Jose Fernando"]
[Black "Leitao, Rafael Duailibe"]
[Result "1/2-1/2"]
[WhiteElo "2529"]
[BlackElo "2622"]
[PlyCount "36"]
[EventDate "2011.10.21"]
[EventType "swiss"]
[EventRounds "6"]
[EventCountry "BRA"]
[SourceTitle "EXT 2013"]
[Source "ChessBase"]
[SourceDate "2012.11.22"]
[SourceVersion "1"]
[SourceVersionDate "2012.11.22"]
[SourceQuality "1"]

1. e4 c5 2. Nf3 Nc6 3. d4 cxd4 4. Nxd4 e6 5. Nc3 a6 6. Be3 Nf6 7. Bd3 Qc7 8.
O-O Nxd4 9. Bxd4 Bc5 10. Be2 d6 11. Qd3 Bxd4 12. Qxd4 e5 13. Qb4 Be6 14. a3 O-O
15. Rfd1 Rfd8 16. Rd2 d5 17. exd5 Nxd5 18. Nxd5 Rxd5 1/2-1/2

[Event "Cuiaba op"]
[Site "Cuiaba"]
[Date "2011.10.23"]
[Round "5"]
[White "Mekhitarian, Krikor Sevag"]
[Black "Cubas, Jose Fernando"]
[Result "0-1"]
[WhiteElo "2488"]
[BlackElo "2529"]
[PlyCount "118"]
[EventDate "2011.10.21"]
[EventType "swiss"]
[EventRounds "6"]
[EventCountry "BRA"]
[SourceTitle "EXT 2013"]
[Source "ChessBase"]
[SourceDate "2012.11.22"]
[SourceVersion "1"]
[SourceVersionDate "2012.11.22"]
[SourceQuality "1"]

1. d4 d5 2. c4 c6 3. Nc3 Nf6 4. Nf3 dxc4 5. a4 Bg4 6. Ne5 Bh5 7. f3 Nfd7 8.
Nxc4 e5 9. Nxe5 Nxe5 10. dxe5 Nd7 11. e4 Bc5 12. Qe2 Nxe5 13. Be3 Qa5 14. Bxc5
Qxc5 15. g4 O-O-O 16. gxh5 Nd3+ 17. Qxd3 Rxd3 18. Bxd3 Qe3+ 19. Be2 g6 20. hxg6
hxg6 21. Rd1 Rh5 22. Rd3 Qc1+ 23. Nd1 f5 24. f4 Qxf4 25. Bxh5 Qxe4+ 26. Kf2
Qxh1 27. Bxg6 Qxh2+ 28. Kf1 Qh1+ 29. Kf2 Qe4 30. Ne3 Qh4+ 31. Kf3 f4 32. Ng4
Qg3+ 33. Ke4 Qg2+ 34. Kxf4 Qxb2 35. Re3 b5 36. axb5 cxb5 37. Ne5 a5 38. Nd3
Qd4+ 39. Be4 a4 40. Re2 a3 41. Rc2+ Kd8 42. Nc1 b4 43. Nb3 Qf6+ 44. Ke3 a2 45.
Rd2+ Ke7 46. Rxa2 Qc3+ 47. Bd3 Qxb3 48. Rc2 Kd6 49. Rg2 Qe6+ 50. Be4 Qh6+ 51.
Kd4 Qf6+ 52. Ke3 Qc3+ 53. Bd3 Qc1+ 54. Ke2 Ke5 55. Rg4 b3 56. Rb4 Qa3 57. Rb7
Qa2+ 58. Kd1 Kd4 59. Rd7+ Ke3 0-1

[Event "Cuiaba op"]
[Site "Cuiaba"]
[Date "2011.10.23"]
[Round "6"]
[White "Vescovi, Giovanni P"]
[Black "Cubas, Jose Fernando"]
[Result "1-0"]
[WhiteElo "2634"]
[BlackElo "2529"]
[PlyCount "59"]
[EventDate "2011.10.21"]
[EventType "swiss"]
[EventRounds "6"]
[EventCountry "BRA"]
[SourceTitle "EXT 2013"]
[Source "ChessBase"]
[SourceDate "2012.11.22"]
[SourceVersion "1"]
[SourceVersionDate "2012.11.22"]
[SourceQuality "1"]

1. d4 d5 2. Nf3 Nf6 3. c4 c6 4. Nc3 dxc4 5. a4 Bg4 6. Ne5 Bh5 7. g3 e6 8. Bg2
Nd5 9. O-O Bb4 10. Qc2 a5 11. Nxc4 Nb6 12. Bg5 Qxg5 13. Nxb6 Ra6 14. Nc4 O-O
15. Na2 Qe7 16. e3 Nd7 17. Qb3 Be2 18. Rfc1 Ra7 19. Nxb4 axb4 20. Nd2 Rd8 21.
Ne4 Rda8 22. Qc2 Bh5 23. Nc5 Bg6 24. Qb3 Nb6 25. a5 Rxa5 26. Rxa5 Rxa5 27. Qxb4
Rb5 28. Qa3 Nd5 29. Bf1 Rb6 30. Qa8+ 1-0

[Event "Latin Cup"]
[Site "Montevideo"]
[Date "2011.11.01"]
[Round "1"]
[White "Cucchi, Nicolas"]
[Black "Cubas, Jose Fernando"]
[Result "0-1"]
[WhiteElo "2002"]
[BlackElo "2536"]
[PlyCount "78"]
[EventDate "2011.11.01"]
[EventType "swiss"]
[EventRounds "9"]
[EventCountry "URU"]
[SourceTitle "EXT 2012"]
[Source "ChessBase"]
[SourceDate "2011.11.24"]
[SourceVersion "1"]
[SourceVersionDate "2011.11.24"]
[SourceQuality "1"]

1. d4 Nf6 2. c4 e6 3. Nf3 c5 4. d5 exd5 5. cxd5 g6 6. Nc3 d6 7. e4 Bg7 8. Be2
O-O 9. Nd2 Re8 10. O-O a6 11. a4 Nbd7 12. Re1 Ne5 13. h3 g5 14. Nf1 h6 15. Ng3
Ng6 16. Bf1 b6 17. Bd2 Ra7 18. Qc2 Nh4 19. Rad1 g4 20. e5 dxe5 21. hxg4 Bxg4
22. f3 Bxf3 23. gxf3 Nxf3+ 24. Kf2 Nd4 25. Qd3 c4 26. Qxc4 Ng4+ 27. Kg2 Qh4 28.
Qxd4 exd4 29. Rxe8+ Bf8 30. Nce4 f5 31. Nxf5 Qh2+ 32. Kf3 Qh5 33. Rxf8+ Kxf8
34. Bb4+ Kg8 35. Kg3 Rf7 36. Ned6 Qg5 37. Kf3 Rxf5+ 38. Nxf5 Qxf5+ 39. Kg3 Ne3
0-1

[Event "Mario Covas 10th"]
[Site "Santos"]
[Date "2011.11.26"]
[Round "1"]
[White "Mekhitarian, Krikor Sevag"]
[Black "Cubas, Jose Fernando"]
[Result "1-0"]
[WhiteElo "2487"]
[BlackElo "2536"]
[PlyCount "101"]
[EventDate "2011.11.26"]
[EventType "tourn"]
[EventRounds "9"]
[EventCountry "BRA"]
[EventCategory "9"]
[SourceTitle "CBM 145 Extra"]
[Source "ChessBase"]
[SourceDate "2012.01.03"]
[SourceVersion "1"]
[SourceVersionDate "2012.01.03"]
[SourceQuality "1"]

1. c4 e6 2. d4 d5 3. Nc3 Nf6 4. Nf3 Bb4 5. cxd5 exd5 6. Bg5 Nbd7 7. e3 c5 8.
Bd3 Qa5 9. Qc2 c4 10. Bf5 O-O 11. O-O Re8 12. Nd2 g6 13. Bxd7 Nxd7 14. h4 f6
15. Bf4 Bxc3 16. bxc3 Nb6 17. f3 Qa4 18. Qc1 Bf5 19. Re1 Qc6 20. Nf1 Re7 21.
Ng3 Bd3 22. Nh1 h6 23. Bxh6 Rh7 24. Bf4 g5 25. Bh2 Rxh4 26. Nf2 f5 27. e4 f4
28. exd5 Nxd5 29. Re5 Kf7 30. Ng4 Rxg4 31. fxg4 Rh8 32. Qe1 Qh6 33. Rxd5 Qxh2+
34. Kf2 Qg3+ 35. Kg1 Qh2+ 36. Kf2 Re8 37. Re5 Rxe5 38. Qxe5 Qg3+ 39. Kg1 Qe3+
40. Qxe3 fxe3 41. Re1 e2 42. Kf2 b5 43. Rh1 a5 44. a3 Ke6 45. Rh6+ Kd5 46. Rb6
b4 47. axb4 axb4 48. Rxb4 Ke4 49. g3 e1=B+ 50. Kxe1 Kf3 51. d5 1-0

[Event "Mario Covas 10th"]
[Site "Santos"]
[Date "2011.11.27"]
[Round "2"]
[White "Cubas, Jose Fernando"]
[Black "Coelho, Luis Henrique"]
[Result "1-0"]
[WhiteElo "2536"]
[BlackElo "2392"]
[PlyCount "67"]
[EventDate "2011.11.26"]
[EventType "tourn"]
[EventRounds "9"]
[EventCountry "BRA"]
[EventCategory "9"]
[SourceTitle "CBM 145 Extra"]
[Source "ChessBase"]
[SourceDate "2012.01.03"]
[SourceVersion "1"]
[SourceVersionDate "2012.01.03"]
[SourceQuality "1"]

1. e4 c5 2. Nc3 Nc6 3. f4 g6 4. Nf3 Bg7 5. Bc4 e6 6. d3 Nge7 7. O-O d5 8. Bb3
O-O 9. Qe1 Nd4 10. Nxd4 cxd4 11. Nd1 Bd7 12. Bd2 Rc8 13. a4 dxe4 14. dxe4 d3
15. Ba5 b6 16. Bc3 dxc2 17. Bxc2 Qc7 18. Bxg7 Kxg7 19. Nc3 Qc5+ 20. Kh1 Qb4 21.
Rb1 Rfd8 22. Rf3 Nc6 23. Rh3 h5 24. Qg3 Nd4 25. Bd3 Rh8 26. Qg5 Nc6 27. Bb5 Kf8
28. Qf6 Rg8 29. Rd3 Qe7 30. e5 Rc7 31. Rbd1 Be8 32. Ne4 a6 33. Ng5 Rg7 34. Bxc6
1-0

[Event "Mario Covas 10th"]
[Site "Santos"]
[Date "2011.11.27"]
[Round "3"]
[White "Rodriguez Vila, Andres"]
[Black "Cubas, Jose Fernando"]
[Result "1/2-1/2"]
[WhiteElo "2481"]
[BlackElo "2536"]
[PlyCount "97"]
[EventDate "2011.11.26"]
[EventType "tourn"]
[EventRounds "9"]
[EventCountry "BRA"]
[EventCategory "9"]
[SourceTitle "CBM 145 Extra"]
[Source "ChessBase"]
[SourceDate "2012.01.03"]
[SourceVersion "1"]
[SourceVersionDate "2012.01.03"]
[SourceQuality "1"]

1. e4 e6 2. d4 d5 3. e5 c5 4. c3 Nc6 5. Nf3 Nge7 6. Bd3 cxd4 7. cxd4 Nf5 8.
Bxf5 exf5 9. Nc3 Be6 10. Be3 Be7 11. Qd2 h6 12. h4 Rc8 13. Rc1 Na5 14. b3 Ba3
15. Rc2 f4 16. Bxf4 Bf5 17. O-O O-O 18. Rcc1 Bxc1 19. Rxc1 Qd7 20. Re1 Rfe8 21.
Nh2 Nc6 22. Re3 Ne7 23. Rg3 Kh7 24. h5 Rc6 25. Qe2 Rec8 26. Bd2 a6 27. Re3 Kg8
28. g4 Bh7 29. Rg3 f5 30. Na4 Rf8 31. Nc5 Qc8 32. e6 f4 33. Rf3 b6 34. Nd7 Be4
35. Nxf8 Bxf3 36. Nxf3 Kxf8 37. Bxf4 Rxe6 38. Ne5 Kg8 39. Be3 Nc6 40. f4 Nxe5
41. dxe5 d4 42. Bxd4 Rc6 43. Qf3 Rc2 44. a4 Rd2 45. Bf2 Qc2 46. e6 Rd3 47. Qa8+
Kh7 48. Qe4+ Kg8 49. Qa8+ 1/2-1/2

[Event "Mario Covas 10th"]
[Site "Santos"]
[Date "2011.11.29"]
[Round "5"]
[White "Cubas, Jose Fernando"]
[Black "Barbosa, Evandro Amorim"]
[Result "1/2-1/2"]
[WhiteElo "2536"]
[BlackElo "2412"]
[PlyCount "111"]
[EventDate "2011.11.26"]
[EventType "tourn"]
[EventRounds "9"]
[EventCountry "BRA"]
[EventCategory "9"]
[SourceTitle "CBM 145 Extra"]
[Source "ChessBase"]
[SourceDate "2012.01.03"]
[SourceVersion "1"]
[SourceVersionDate "2012.01.03"]
[SourceQuality "1"]

1. e4 c5 2. Nc3 Nc6 3. f4 g6 4. Nf3 Bg7 5. Bb5 Nd4 6. O-O a6 7. Bd3 d6 8. Nd5
Bg4 9. Be2 Bxf3 10. Bxf3 e6 11. Ne3 Ne7 12. c3 Nxf3+ 13. Qxf3 d5 14. exd5 Nxd5
15. f5 O-O 16. Nxd5 Qxd5 17. Qxd5 exd5 18. d4 Rfe8 19. f6 Bf8 20. Bf4 Re2 21.
Rf2 Rae8 22. Be5 Re4 23. g3 h5 24. Rf4 Re2 25. Rf2 Re4 26. Kf1 Re6 27. Rd1 Kh7
28. Rf4 cxd4 29. Rxe4 dxe4 30. cxd4 Bd6 31. Ke2 Bxe5 32. dxe5 g5 33. Rd7 Kg6
34. Re7 Kf5 35. Rxb7 Rxe5 36. Rxf7 Rb5 37. b3 Rc5 38. Kd2 Rd5+ 39. Ke3 Rd3+ 40.
Ke2 Rc3 41. Ra7 Kxf6 42. Rxa6+ Ke5 43. Ra5+ Kd4 44. Ra4+ Kd5 45. Rc4 Rf3 46.
Rc1 h4 47. Rd1+ Ke5 48. Rg1 Rc3 49. Kd2 Kd4 50. gxh4 gxh4 51. Rg4 Rh3 52. Rg2
Rc3 53. Rg4 Rh3 54. Rg2 Rc3 55. Kd1 Rf3 56. Kd2 1/2-1/2

[Event "Mario Covas 10th"]
[Site "Santos"]
[Date "2011.11.30"]
[Round "7"]
[White "Cubas, Jose Fernando"]
[Black "Molina, Roberto Junio Brito"]
[Result "1-0"]
[WhiteElo "2536"]
[BlackElo "2418"]
[PlyCount "87"]
[EventDate "2011.11.26"]
[EventType "tourn"]
[EventRounds "9"]
[EventCountry "BRA"]
[EventCategory "9"]
[SourceTitle "CBM 145 Extra"]
[Source "ChessBase"]
[SourceDate "2012.01.03"]
[SourceVersion "1"]
[SourceVersionDate "2012.01.03"]
[SourceQuality "1"]

1. e4 c6 2. Nc3 d5 3. Nf3 Bg4 4. h3 Bxf3 5. Qxf3 e6 6. a3 Nf6 7. d3 Be7 8. g3
d4 9. Nb1 c5 10. Bg2 Nc6 11. O-O O-O 12. Qe2 Rc8 13. Nd2 b5 14. f4 Na5 15. b3
c4 16. b4 cxd3 17. cxd3 Nc6 18. Bb2 a5 19. bxa5 Qxa5 20. e5 Nd7 21. Rfc1 Qb6
22. Nb3 Nc5 23. Nxc5 Bxc5 24. Kh2 Ne7 25. Rc2 Rfd8 26. Rac1 Qa7 27. Qe4 Bxa3
28. Rxc8 Nxc8 29. Bxa3 Qxa3 30. Rc7 Qf8 31. f5 Ne7 32. f6 gxf6 33. exf6 Ng6 34.
h4 Qd6 35. Rb7 Qe5 36. Qg4 Qxf6 37. h5 Rc8 38. Rxb5 Rc2 39. Rb8+ Kg7 40. hxg6
hxg6 41. Qh3 g5 42. Qh8+ Kg6 43. Rg8+ Kf5 44. g4+ 1-0

[Event "Mario Covas 10th"]
[Site "Santos"]
[Date "2011.12.02"]
[Round "9"]
[White "Cubas, Jose Fernando"]
[Black "Mareco, Sandro"]
[Result "0-1"]
[WhiteElo "2536"]
[BlackElo "2583"]
[PlyCount "62"]
[EventDate "2011.11.26"]
[EventType "tourn"]
[EventRounds "9"]
[EventCountry "BRA"]
[EventCategory "9"]
[SourceTitle "CBM 145 Extra"]
[Source "ChessBase"]
[SourceDate "2012.01.03"]
[SourceVersion "1"]
[SourceVersionDate "2012.01.03"]
[SourceQuality "1"]

1. e4 c5 2. Nc3 a6 3. g3 b5 4. Bg2 Bb7 5. d3 e6 6. Nf3 Be7 7. O-O d6 8. Ne1 Nc6
9. f4 Nf6 10. Nf3 d5 11. Qe2 Nd4 12. Nxd4 cxd4 13. Nd1 dxe4 14. dxe4 Rc8 15.
Nf2 O-O 16. Nd3 Re8 17. b3 Qc7 18. Bd2 Ba3 19. Bc1 Bxc1 20. Raxc1 a5 21. g4 Qb6
22. g5 Nd7 23. Qf2 b4 24. f5 exf5 25. Qxf5 Re7 26. Rf2 Nc5 27. Rcf1 Rcc7 28.
Rf4 Nxd3 29. cxd3 Bc8 30. Qd5 Rcd7 31. Qa8 Rd8 0-1

[Event "Santos Paulista-ch"]
[Site "Santos"]
[Date "2011.12.02"]
[Round "1"]
[White "Goncalves, Ivan Mesquita V"]
[Black "Cubas, Jose Fernando"]
[Result "1/2-1/2"]
[WhiteElo "2067"]
[BlackElo "2536"]
[PlyCount "38"]
[EventDate "2011.12.02"]
[EventType "swiss"]
[EventRounds "6"]
[EventCountry "BRA"]
[SourceTitle "CBM 146 Extra"]
[Source "ChessBase"]
[SourceDate "2012.02.29"]
[SourceVersion "1"]
[SourceVersionDate "2012.02.29"]
[SourceQuality "1"]

1. d4 e6 2. Nf3 d5 3. c4 Nf6 4. Nc3 Bb4 5. cxd5 exd5 6. Bg5 Nbd7 7. Qb3 c5 8.
a3 Bxc3+ 9. Qxc3 h6 10. Bxf6 Qxf6 11. e3 O-O 12. Be2 b6 13. O-O Bb7 14. Rac1 c4
15. Nd2 b5 16. Bf3 Qb6 17. b3 Nf6 18. bxc4 dxc4 19. Nxc4 Qa6 1/2-1/2

[Event "Santos Paulista-ch"]
[Site "Santos"]
[Date "2011.12.02"]
[Round "2"]
[White "Cubas, Jose Fernando"]
[Black "Baccarin, Natalia Viaro"]
[Result "1-0"]
[WhiteElo "2536"]
[BlackElo "1941"]
[PlyCount "71"]
[EventDate "2011.12.02"]
[EventType "swiss"]
[EventRounds "6"]
[EventCountry "BRA"]
[SourceTitle "CBM 146 Extra"]
[Source "ChessBase"]
[SourceDate "2012.02.29"]
[SourceVersion "1"]
[SourceVersionDate "2012.02.29"]
[SourceQuality "1"]

1. e4 c5 2. Nc3 e6 3. g3 d5 4. Bg2 dxe4 5. Nxe4 Nf6 6. Nxf6+ Qxf6 7. Nf3 Nc6 8.
O-O Bd6 9. c3 h6 10. d4 cxd4 11. cxd4 O-O 12. b3 Nb4 13. Bb2 Nd5 14. Ne5 Rd8
15. Qh5 Bf8 16. Rad1 b6 17. Rd3 Ba6 18. Rf3 Be2 19. Re1 Bxf3 20. Bxf3 g6 21.
Qh3 Rac8 22. Bc1 h5 23. g4 hxg4 24. Nxg4 Qxd4 25. Bg5 Rd7 26. Bxd5 Bg7 27. Bc4
Qc3 28. Qxc3 Bxc3 29. Rxe6 Rd1+ 30. Kg2 b5 31. Rxg6+ Kh7 32. Bxf7 Rf8 33. Rh6+
Kg7 34. Rc6 Kxf7 35. Rxc3 Rg8 36. Nh6+ 1-0

[Event "Santos Paulista-ch"]
[Site "Santos"]
[Date "2011.12.03"]
[Round "3"]
[White "Ueti, Silvio Shigeo"]
[Black "Cubas, Jose Fernando"]
[Result "0-1"]
[WhiteElo "2150"]
[BlackElo "2536"]
[PlyCount "78"]
[EventDate "2011.12.02"]
[EventType "swiss"]
[EventRounds "6"]
[EventCountry "BRA"]
[SourceTitle "CBM 146 Extra"]
[Source "ChessBase"]
[SourceDate "2012.02.29"]
[SourceVersion "1"]
[SourceVersionDate "2012.02.29"]
[SourceQuality "1"]

1. c4 Nf6 2. Nc3 e5 3. Nf3 Nc6 4. g3 g6 5. Bg2 Bg7 6. d4 exd4 7. Nxd4 O-O 8.
Nxc6 bxc6 9. O-O a5 10. e4 d6 11. h3 Nd7 12. Qc2 Ne5 13. b3 c5 14. Bb2 Rb8 15.
Rad1 Bd7 16. a4 Qc8 17. Nd5 Qb7 18. Bxe5 Bxe5 19. Rd3 c6 20. Ne3 Rbe8 21. Kh2
Re7 22. Qd2 Qc7 23. f4 Bg7 24. Rxd6 Bd4 25. Rxd4 cxd4 26. Qxd4 Rb8 27. Qc5 Ree8
28. Rb1 Qb6 29. Qxb6 Rxb6 30. c5 Rb4 31. Nc4 Reb8 32. Nb6 Be6 33. e5 Rd8 34.
Bxc6 Rd2+ 35. Kg1 Rc2 36. Bb5 Rxc5 37. Kf2 Rc3 38. h4 Rcxb3 39. Rxb3 Bxb3 0-1